Normal view
MARC view
- Dossat, Roy J
Entry Personal Name
001 - CONTROL NUMBER
- control field: 41880
003 - CONTROL NUMBER IDENTIFIER
- control field: NUST
005 - DATE AND TIME OF LATEST TRANSACTION
- control field: 20210314132149.0
008 - FIXED-LENGTH DATA ELEMENTS
- fixed length control field: 210314|| aca||aabn | a|a d
040 ## - CATALOGING SOURCE
- Original cataloging agency: NUST
- Transcribing agency: NUST
100 ## - HEADING--PERSONAL NAME
- Personal name: Dossat, Roy J
670 ## - SOURCE DATA FOUND
- Source citation: Work cat.: (NUST): Dossat, Roy J., Principles of refrigeration., [1961]
